000 01164cam a2200313 a 4500
999 _c21300
_d21300
001 4905435
003 OSt
005 20170121110954.0
008 940404s1994 ohua 001 0 eng
010 _a 94012062
020 _a0891346201 (paperoverboard)
040 _aDLC
_cDLC
_dDLC
043 _an-us---
050 0 0 _aNC 998.5.A1F74 1994
082 0 0 _a741.6/0973
_220
100 _4Haller Lynn
245 0 0 _aFresh ideas in promotion /
_c[edited by] Lynn Haller.
246 3 0 _aPromotion
250 _a1st ed.
260 _aCincinnati, Ohio :
_bNorth Light Books,
_c1994.
300 _a140 p. :
_bill. ;
_c29 cm.
500 _aIncludes indexes.
650 0 _aCommercial art
_zUnited States
_xThemes, motives.
700 1 _aHaller, Lynn,
_d1994
906 _a7
_bcbc
_corignew
_d1
_eocip
_f19
_gy-gencatlg
942 _2lcc
_cBOOKS
_hNC 998.5.A1F74 1994
_k29237